[Event "Dresden ZMD op 20th"]
[Site "Dresden"]
[Date "2011.08.12"]
[Round "7"]
[White "Pirrot, Dieter"]
[Black "Holm Pedersen, Sejer"]
[Result "1-0"]
[WhiteElo "2390"]
[BlackElo "2225"]
[PlyCount "73"]
[EventDate "2011.08.06"]
[EventType "swiss"]
[EventRounds "9"]
[EventCountry "GER"]
[SourceTitle "CBM 143 Extra"]
[Source "ChessBase"]
[SourceDate "2011.08.29"]
[SourceVersion "1"]
[SourceVersionDate "2011.08.29"]
[SourceQuality "1"]

1. e4 e6 2. d4 d5 3. e5 c5 4. c3 Qb6 5. Nf3 Bd7 6. Bd3 Bb5 7. dxc5 Bxc5 8. b4 Be7 9. Be3 Qa6 10. Bc2 b6 11. a4 Bd7 12. Nbd2 Qc8 13. b5 Bc5 14. Bxc5 bxc5 15. Ng5 Qc7 16. f4 g6 17. Qf3 h6 18. Nge4 Ne7 19. Nd6+ Kf8 20. c4 a6 21. Rb1 axb5 22. cxb5 Kg7 23. g4 h5 24. h3 Nc8 25. b6 Nxb6 26. f5 exf5 27. gxf5 Nc6 28. Rxb6 Qxb6 29. Qxd5 Nd8 30. e6 Nxe6 31. fxe6 Bxe6 32. Qe5+ Kh7 33. Rg1 Qb4 34. Qxh5+ Kg7 35. Rxg6+ Kf8 36. Qxh8+ Ke7 37. Nf5+ 1-0

[Event "Maastricht Limburg op-A 4th"]
[Site "Maastricht"]
[Date "2010.05.24"]
[Round "6"]
[White "Holm Pedersen, Sejer"]
[Black "Nabuurs, Mart"]
[Result "0-1"]
[WhiteElo "2253"]
[BlackElo "2161"]
[PlyCount "128"]
[EventDate "2010.05.21"]
[EventType "swiss"]
[EventRounds "7"]
[EventCountry "NED"]
[SourceTitle "CBM 136 Extra"]
[Source "ChessBase"]
[SourceDate "2010.07.02"]
[SourceVersion "2"]
[SourceVersionDate "2010.07.15"]
[SourceQuality "1"]

1. Nf3 d5 2. d4 e6 3. c4 c6 4. Nbd2 f5 5. e3 Nf6 6. Be2 Bd6 7. b3 Nbd7 8. Bb2 Qc7 9. c5 Be7 10. b4 b6 11. Qc2 bxc5 12. dxc5 a5 13. a3 0-0 14. 0-0 Ne4 15. Nxe4 fxe4 16. Nd4 Rf6 17. f4 e5 18. fxe5 Nxe5 19. Rxf6 gxf6 20. Rf1 axb4 21. axb4 Bd7 22. Nf5 Bf8 23. h3 Bxf5 24. Rxf5 Bg7 25. Rf1 Rf8 26. Bd4 f5 27. Qb2 Ng6 28. Bxg7 Qxg7 29. Qxg7+ Kxg7 30. b5 cxb5 31. Bxb5 Rc8 32. Rc1 Rc7 33. c6 Kf6 34. Kf2 f4 35. Rc5 Ke5 36. Ba4 Kd6 37. Ra5 fxe3+ 38. Kxe3 Ne7 39. Kd4 Nf5+ 40. Kc3 Ne7 41. Kd4 Rxc6 42. Rxd5+ Nxd5 43. Bxc6 Kxc6 44. Kxe4 Kd6 45. Kf5 Ke7 46. Kg5 Kf7 47. Kh6 Kg8 48. g4 Ne7 49. h4 Kh8 50. g5 Kg8 51. Kh5 Kg7 52. Kg4 Kf7 53. Kh5 Ng8 54. Kg4 Ke6 55. Kf4 Ne7 56. Kg4 Ke5 57. Kh5 Ng8 58. Kg4 Ke4 59. Kg3 Kf5 60. Kf3 Ne7 61. Kg3 Ng6 62. Kh3 Kf4 63. h5 Ne7 64. g6 h6 0-1

[Event "Maastricht Limburg op-A 4th"]
[Site "Maastricht"]
[Date "2010.05.23"]
[Round "5"]
[White "Henzen, Arno"]
[Black "Holm Pedersen, Sejer"]
[Result "1-0"]
[WhiteElo "2186"]
[BlackElo "2253"]
[PlyCount "71"]
[EventDate "2010.05.21"]
[EventType "swiss"]
[EventRounds "7"]
[EventCountry "NED"]
[SourceTitle "CBM 136 Extra"]
[Source "ChessBase"]
[SourceDate "2010.07.02"]
[SourceVersion "2"]
[SourceVersionDate "2010.07.15"]
[SourceQuality "1"]

1. Nf3 d5 2. d4 e6 3. c4 Nf6 4. g3 dxc4 5. Qa4+ Bd7 6. Qxc4 Bc6 7. Bg2 Nbd7 8. Nc3 Nb6 9. Qd3 Bb4 10. 0-0 Bxc3 11. Qxc3 0-0 12. Bf4 Nbd5 13. Qc1 Nxf4 14. Qxf4 Qe7 15. Rfe1 Be4 16. Rac1 Rac8 17. g4 Qd6 18. Qe3 Bd5 19. h3 Bxa2 20. b3 Nd5 21. Qd3 a5 22. Nd2 Nb4 23. Qc3 Rfd8 24. e3 b6 25. Nc4 Qf8 26. Red1 a4 27. bxa4 Bxc4 28. Qxc4 Nd5 29. Qb3 Qd6 30. Rc4 g5 31. Rdc1 Qd7 32. Qc2 c5 33. dxc5 Rxc5 34. Rxc5 bxc5 35. Qxc5 Qxa4 36. e4 1-0

[Event "Groningen op-A"]
[Site "Groningen"]
[Date "2009.12.26"]
[Round "5"]
[White "Holm Pedersen, Sejer"]
[Black "Van Herwaarden, Arjen"]
[Result "1-0"]
[WhiteElo "2256"]
[BlackElo "2162"]
[PlyCount "119"]
[EventDate "2009.12.21"]
[EventType "swiss"]
[EventRounds "9"]
[EventCountry "NED"]
[SourceTitle "CBM 134 Extra"]
[Source "ChessBase"]
[SourceDate "2010.03.03"]
[SourceVersion "1"]
[SourceVersionDate "2010.03.03"]
[SourceQuality "1"]

1. d4 e6 2. e3 f5 3. Bd3 Nf6 4. Nd2 b6 5. e4 Bb7 6. Qe2 Be7 7. Ngf3 fxe4 8. Nxe4 Nxe4 9. Bxe4 Bxe4 10. Qxe4 c6 11. h4 Na6 12. Ng5 Qc7 13. Nxh7 0-0-0 14. Ng5 Rdf8 15. Bd2 Rf5 16. Nf3 Qd8 17. g4 Rxf3 18. Qxf3 Bxh4 19. 0-0-0 Rf8 20. Qd3 Nc7 21. f4 Nd5 22. Rdf1 Be7 23. c4 Nc7 24. Rh7 Rf7 25. Qg6 Qf8 26. Rfh1 Rxf4 27. Rh8 Rf1+ 28. Kc2 Rxh1 29. Rxf8+ Bxf8 30. Qf7 Rh8 31. Bf4 Kd8 32. Be5 Ne8 33. Bb8 Nd6 34. Bxd6 Bxd6 35. Qxg7 Rf8 36. g5 c5 37. d5 exd5 38. cxd5 Rf5 39. g6 Kc7 40. Qh7 Be5 41. g7 Rf2+ 42. Kd3 Bxg7 43. Qxg7 Rf1 44. Qe5+ Kb7 45. Qe8 Rd1+ 46. Kc3 Rxd5 47. Qe4 Kc6 48. a4 a6 49. a5 b5 50. b3 Kd6 51. Qg6+ Ke5 52. Qxa6 b4+ 53. Kc4 d6 54. Qb7 Rd4+ 55. Kb5 c4 56. Qe7+ Kf5 57. bxc4 b3 58. Qh7+ Ke5 59. Qb1 d5 60. c5 1-0

[Event "Groningen op-A"]
[Site "Groningen"]
[Date "2009.12.24"]
[Round "4"]
[White "Hirth, Ulrich"]
[Black "Holm Pedersen, Sejer"]
[Result "1-0"]
[WhiteElo "2108"]
[BlackElo "2256"]
[PlyCount "61"]
[EventDate "2009.12.21"]
[EventType "swiss"]
[EventRounds "9"]
[EventCountry "NED"]
[SourceTitle "CBM 134 Extra"]
[Source "ChessBase"]
[SourceDate "2010.03.03"]
[SourceVersion "1"]
[SourceVersionDate "2010.03.03"]
[SourceQuality "1"]

1. g3 e5 2. Bg2 d5 3. c4 d4 4. e4 c5 5. d3 Nc6 6. Ne2 Bd6 7. 0-0 Nge7 8. f4 exf4 9. gxf4 f5 10. e5 Bc7 11. Ng3 g6 12. h4 Be6 13. Nd2 Qd7 14. Nf3 0-0-0 15. a3 a5 16. Bd2 h6 17. b4 cxb4 18. axb4 axb4 19. Ra8+ Bb8 20. Qa4 Qc7 21. Bxb4 Nxb4 22. Qxb4 Nc6 23. Qb5 Rd7 24. Rb1 Re7 25. Ne2 Rd8 26. Qc5 Bf7 27. Nfxd4 Nxd4 28. Bxb7+ Kd7 29. Qxd4+ Ke8 30. Bc6+ Qxc6 31. Rbxb8 1-0

[Event "Groningen op-A"]
[Site "Groningen"]
[Date "2009.12.23"]
[Round "3"]
[White "Holm Pedersen, Sejer"]
[Black "Efroimski, Marsel"]
[Result "0-1"]
[WhiteElo "2256"]
[BlackElo "2150"]
[PlyCount "136"]
[EventDate "2009.12.21"]
[EventType "swiss"]
[EventRounds "9"]
[EventCountry "NED"]
[SourceTitle "CBM 134 Extra"]
[Source "ChessBase"]
[SourceDate "2010.03.03"]
[SourceVersion "1"]
[SourceVersionDate "2010.03.03"]
[SourceQuality "1"]

1. Nf3 g6 2. e4 Bg7 3. d4 Nf6 4. e5 Nd5 5. c4 Nb6 6. Nc3 d6 7. exd6 cxd6 8. h3 Nc6 9. Be3 Bf5 10. Rc1 Rc8 11. Be2 d5 12. c5 Nc4 13. Bxc4 dxc4 14. d5 Na5 15. Nd4 Bd7 16. 0-0 0-0 17. b4 cxb3 18. axb3 e6 19. d6 Nc6 20. Qd2 Qh4 21. f4 e5 22. Nf3 Qh5 23. Ne4 exf4 24. Bxf4 Qf5 25. Ng3 Qf6 26. Bg5 Qb2 27. Qd1 Nd4 28. Be7 Rfe8 29. Rb1 Qc3 30. b4 Nc2 31. Rf2 Nxb4 32. Ne4 Qc4 33. Qd2 Qxe4 34. Rxb4 Qc6 35. Qf4 Qd5 36. Bf6 Rxc5 37. Bxg7 Kxg7 38. Rxb7 Qxb7 39. Qd4+ Kg8 40. Qxc5 Qb6 41. Qxb6 axb6 42. Rc2 Re6 43. Rd2 Kg7 44. Rd4 f6 45. Nd2 Kf7 46. Nc4 b5 47. Na5 Re5 48. Kf2 Ke6 49. Nb7 Bc8 50. Nd8+ Kd7 51. Nf7 Re8 52. Nh6 Re6 53. Nf7 Re8 54. Nh6 Kc6 55. Rf4 f5 56. Rd4 Be6 57. g4 Rd8 58. gxf5 gxf5 59. Rf4 Rxd6 60. Nxf5 Bxf5 61. Rxf5 b4 62. Ke2 Rd5 63. Rf7 b3 64. Rf1 Kc5 65. Ke3 Kb4 66. Rf4+ Ka3 67. Rf7 b2 68. Rb7 Ra5 0-1

[Event "Dresden ZMD op"]
[Site "Dresden"]
[Date "2009.07.30"]
[Round "6"]
[White "Eskandary, Jahja"]
[Black "Holm Pedersen, Sejer"]
[Result "1/2-1/2"]
[WhiteElo "2112"]
[BlackElo "2254"]
[PlyCount "95"]
[EventDate "2009.07.25"]
[EventType "swiss"]
[EventRounds "9"]
[EventCountry "GER"]
[SourceTitle "CBM 131 Extra"]
[Source "ChessBase"]
[SourceDate "2009.09.03"]
[SourceVersion "2"]
[SourceVersionDate "2009.09.16"]
[SourceQuality "1"]

1. e4 c5 2. Nc3 Nc6 3. Bc4 g6 4. d3 Bg7 5. Be3 d6 6. Qd2 a6 7. a3 e6 8. Nge2 Nd4 9. Nd1 Nxe2 10. Qxe2 Ne7 11. Ba2 b5 12. Qd2 Nc6 13. Bh6 Bxh6 14. Qxh6 Qf6 15. 0-0 Bb7 16. f4 0-0-0 17. c3 Qe7 18. Re1 Qf8 19. Qxf8 Rhxf8 20. Ne3 Rde8 21. Rad1 Kd7 22. g3 Ne7 23. e5 Bd5 24. Bxd5 Nxd5 25. exd6 Nxe3 26. Rxe3 Kxd6 27. d4 c4 28. Kf2 Rd8 29. Rde1 Kc6 30. Ke2 Rd5 31. Re5 Rxe5+ 32. fxe5 f5 33. exf6 Rxf6 34. Ke3 g5 35. Re2 g4 36. Ke4 Kd6 37. Rd2 Rf5 38. Re2 Kc6 39. Rd2 Kb6 40. Ke3 Ka5 41. Re2 Ka4 42. Kd2 Kb3 43. Rxe6 Kxb2 44. Rxa6 Rf2+ 45. Ke3 Rf3+ 46. Ke4 Rxc3 47. d5 Rc2 48. Ra5 1/2-1/2

[Event "Dresden ZMD op"]
[Site "Dresden"]
[Date "2009.07.27"]
[Round "3"]
[White "Holm Pedersen, Sejer"]
[Black "Herrich, Christoph"]
[Result "1/2-1/2"]
[WhiteElo "2254"]
[BlackElo "2005"]
[PlyCount "86"]
[EventDate "2009.07.25"]
[EventType "swiss"]
[EventRounds "9"]
[EventCountry "GER"]
[SourceTitle "CBM 131 Extra"]
[Source "ChessBase"]
[SourceDate "2009.09.03"]
[SourceVersion "2"]
[SourceVersionDate "2009.09.16"]
[SourceQuality "1"]

1. Nf3 Nf6 2. c4 c6 3. b3 d5 4. Bb2 Bf5 5. e3 e6 6. Be2 Bd6 7. 0-0 Nbd7 8. Nc3 h6 9. cxd5 exd5 10. d3 0-0 11. e4 Bh7 12. exd5 Nxd5 13. Nxd5 cxd5 14. Qd2 Re8 15. Rfe1 Qb6 16. Rac1 Rac8 17. Bd4 Qb4 18. Bc3 Qf4 19. Qb2 Bf8 20. Bf1 Rxe1 21. Rxe1 a6 22. Bd2 Qf6 23. Qxf6 Nxf6 24. Nd4 Bd6 25. g3 Re8 26. Rxe8+ Nxe8 27. Kg2 Nc7 28. Kf3 Kf8 29. b4 Ke7 30. Ke3 Ne6 31. Bh3 Bc7 32. Nxe6 fxe6 33. f4 Bb6+ 34. d4 Be4 35. Bf1 Bg6 36. a4 Be8 37. b5 axb5 38. Bb4+ Kf6 39. axb5 Bc7 40. Bc5 b6 41. Bf8 Kf7 42. Bb4 Kf6 43. Be2 Bg6 1/2-1/2